LEADER 01469nam a2200325 u 4500 001 000000080553 003 CaOOAMICUS 005 20070226123647.0 008 041220m19879999fr bf u000 u fre u 020 $a2701011329 (t.1) 035 $a11020098 040 $aPUL$bita 245 03$aLe diocèse de Paris /$csous la direction de Bernard Plongeron ; avec la collaboration de L. Pietri [et al...]. 260 $aParis :$bBeauchesne,$c1987- 300 $av.<1 >, [3] c. di tav. :$bc. geogr. ;$c23 cm 490 1 $aHistoire des diocèses de France ;$v20 504 $aComprende riferimenti bibliografici. 505 1 $aT.1. Des origines à la Révolution. 610 14$aParigi (diocesi).$0(OLS)http://pul/subject/38101 650 4$aDiocesi$zFrancia$xStoria.$0(OLS)http://pul/subject/27936 651 4$aFrancia$xStoria ecclesiastica.$0(OLS)http://pul/subject/7334 700 1 $aPietri, Luce.$0(OLS)http://pul/name/34392 700 1 $aPlongeron, Bernard,$d1933-$0(OLS)http://pul/name/11142 830 0$aHistoire des diocèses de France ;$v20.$0(OLS)http://pul/title/15502 850 $aPUL 852 $aPUL$W1$xSL Filosofia 1$y2$m126 F 47.20$j102898$nBK-PRI$b $qStampati$B102898$CPULBib$Z2$F102898 $HPUL96651 $81 941 1 $a8 996 $6020$a2701011329 (t.1)$9(OLS)http://pul/number/106621 996 $6245$aLe diocèse de Paris$9(OLS)http://pul/title/105494 996 $6260$aParis :$bBeauchesne$9(OLS)http://pul/publisher/48115 LEADER 02202nam a2200385 a 4500 001 000000117743 003 CaOOAMICUS 005 20091030152336.0 008 091030t2009 it u000 u ita r 020 $z88-217-3092-4* 040 $aPUL$bita$dReb 245 00$aSistema penale e "sicurezza pubblica": le riforme del 2009 :$bL. 15 luglio 2009, n. 94 e d.l. 23 febbraio 2009, n. 11, conv., con modif., dalla L. 23 aprile 2009, n. 38 /$cA cura di Stefano Corbetta, Angela Della Bella, Gian Luigi Gatta ; introduzione di Emilio Dolcini e Giorgio Marinucci. 246 30$aSicurezza pubblica 260 $a[S.l.] :$bIpsoa,$c©2009. 300 $axxviii, 539 p. ;$c24 cm. 490 1 $aInstant Book 504 $aBibliografia in nota. 505 0 $aModifiche a Codice penale ; Codice di procedura penale ; T.u. Immigrazione ; Codice della strada ; Misure di prevenzione ; Disciplina delle armi ; Giudice di pace ; Ordinamento penitenziario ; Responsabilità delle persone giuridiche 630 04$aCodice di procedura penale$zItalia.$0(OLS)http://pul/subject/20312 650 4$aDiritto penale.$0(OLS)http://pul/subject/1808 700 1 $aMarinucci, Giorgio,$d1934-$0(OLS)http://pul/name/64929 700 1 $aDolcini, Emilio,$d1946-$0(OLS)http://pul/name/64928 700 1 $aCorbetta, Stefano.$0(OLS)http://pul/name/73512 700 1 $aDella Bella, Angela.$0(OLS)http://pul/name/73511 700 1 $aGatta, Gian Luigi,$d1975-$0(OLS)http://pul/name/73510 830 0$aInstant Book.$0(OLS)http://pul/title/148214 850 $aPUL 852 $aPUL$W1$xSL Diritto e Scienze Sociali 3$y79$m344. 45 CORST 1$j135116$qDDC 21$B134087$CPULBib$Z2$F134087 $H111448 $82 941 1 $a9 960 $aPena (diritto)$91808 960 $aPena (diritto)$91808 996 $6020$z88-217-3092-4*$9(OLS)http://pul/number/142264 996 $6246$aSicurezza pubblica$9(OLS)http://pul/title/148216 996 $6245$aSistema penale e "sicurezza pubblica": le riforme del 2009 :$bL. 15 luglio 2009, n. 94 e d.l. 23 febbraio 2009, n. 11, conv., con modif., dalla L. 23 aprile 2009, n. 38$9(OLS)http://pul/title/148213 996 $6260$a[S.l.] :$bIpsoa$9(OLS)http://pul/publisher/77155